[Event "Piestany op-A"]
[Site "Piestany"]
[Date "2023.07.14"]
[Round "4"]
[White "Winkelman, Albert"]
[Black "Luong, Phuong Hanh"]
[Result "0-1"]
[WhiteElo "2288"]
[BlackElo "2100"]
[PlyCount "144"]
[EventDate "2023.07.11"]
[EventType "swiss"]
[EventRounds "9"]
[EventCountry "SVK"]
[SourceTitle "EXT 2024"]
[Source "ChessBase"]
[SourceDate "2023.10.10"]
[SourceVersion "1"]
[SourceVersionDate "2023.10.10"]
[SourceQuality "1"]

1. e4 c5 2. Nf3 e6 3. d4 cxd4 4. Nxd4 a6 5. c4 Nf6 6. Nc3 Qc7 7. a3 b6 8. Be3 d6 9. Be2 Bb7 10. f3 Nbd7 11. 0-0 Be7 12. Qd2 0-0 13. Rfd1 Rac8 14. Rac1 Rfe8 15. b4 Ne5 16. Na4 Nfd7 17. Nb3 Qb8 18. Nb2 Nf6 19. Bxb6 Bxe4 20. Bf2 Ba8 21. Rc3 Rcd8 22. Qc1 Ng6 23. c5 Nd5 24. Rc2 dxc5 25. Nxc5 Bd6 26. g3 Bxc5 27. Rxc5 Bb7 28. Nc4 h5 29. Na5 h4 30. Nxb7 hxg3 31. hxg3 Qxb7 32. Qc4 Ne5 33. Qe4 Nd7 34. Rcc1 Rc8 35. Kg2 f5 36. Qd3 Ra8 37. Rh1 Ne5 38. Qd4 Ng4 39. Bg1 Red8 40. Qb2 Rac8 41. Kh3 Kf7 42. Rxc8 Rxc8 43. Qd2 Qa8 44. Bd1 Rd8 45. Qg5 Nc3 46. Bc5 Nf6 47. Qc1 Rd3 48. Bd4 Qh8+ 49. Kg2 Qxh1+ 50. Kxh1 Rxd1+ 51. Qxd1 Nxd1 52. a4 e5 53. Bxe5 Nf2+ 54. Kg2 Nd3 55. Bd6 Ne8 56. Bb8 Nxb4 57. g4 Ke6 58. gxf5+ Kxf5 59. Kf1 Nd3 60. Ba7 Nb2 61. Bd4 Nxa4 62. Ke2 g6 63. Kd3 Nc7 64. Kc4 Ne6 65. Be3 Nb2+ 66. Kb4 Ke5 67. Bh6 Nd3+ 68. Ka5 Ndc5 69. Be3 Kd5 70. Kb6 Nd4 71. Bf2 Kc4 72. Be3 Ndb3 0-1

[Event "Dubai op-A 23rd"]
[Site "Dubai"]
[Date "2023.06.04"]
[Round "9"]
[White "Ahmad, Al Khatib"]
[Black "Winkelman, Albert"]
[Result "1-0"]
[WhiteElo "2344"]
[BlackElo "2227"]
[PlyCount "146"]
[EventDate "2023.05.27"]
[EventType "swiss"]
[EventRounds "9"]
[EventCountry "UAE"]
[SourceTitle "CBM 214 Extra"]
[Source "ChessBase"]
[SourceDate "2023.07.31"]
[SourceVersion "1"]
[SourceVersionDate "2023.07.31"]
[SourceQuality "1"]

1. e4 e5 2. Nf3 Nc6 3. Bb5 a6 4. Ba4 Nf6 5. 0-0 Be7 6. Bxc6 dxc6 7. d3 Nd7 8. b3 0-0 9. Bb2 Bd6 10. Nbd2 c5 11. Nc4 Re8 12. a4 b6 13. g3 Bb7 14. Nh4 b5 15. Ne3 g6 16. Nhg2 Bf8 17. f4 Bg7 18. f5 Nb6 19. a5 Nc8 20. Qf3 Nd6 21. f6 Bf8 22. Ng4 Nf5 23. Nh4 Nd4 24. Qe3 Re6 25. Rf2 h5 26. Qg5 Kh7 27. Nxe5 Qe8 28. Nef3 Nxf3+ 29. Nxf3 Bh6 30. Qxc5 Rd8 31. Re1 Rd5 32. Qxc7 Ba8 33. Qc3 Rdd6 34. Bc1 Rc6 35. Qa1 Rxf6 36. Bxh6 Kxh6 37. Ref1 Bb7 38. Qe5 Rce6 39. Qg5+ Kh7 40. Qd2 Kg8 41. Qh6 Rxf3 42. Rxf3 Re7 43. Rf6 Bc8 44. Qf4 Be6 45. Qd6 Bc8 46. Qc6 Bd7 47. Qxa6 h4 48. Qd6 h3 49. Qf4 Be6 50. Qh6 Qc8 51. b4 Rc7 52. Rxe6 Qxe6 53. Qd2 Rc6 54. Qf2 Qd7 55. Ra1 Qc8 56. Ra2 Qe6 57. Ra1 Qe5 58. Rf1 Qc7 59. c4 bxc4 60. b5 Rd6 61. b6 Qd7 62. a6 f5 63. b7 Qb5 64. dxc4 Qb4 65. exf5 Rf6 66. Qd4 Rf8 67. f6 Qb3 68. a7 Qxb7 69. Qd5+ Qxd5 70. cxd5 Ra8 71. Ra1 Kf7 72. Ra6 g5 73. g4 Ke8 1-0

[Event "Dubai op-A 23rd"]
[Site "Dubai"]
[Date "2023.05.31"]
[Round "5"]
[White "Erdogmus, Yagiz Kaan"]
[Black "Winkelman, Albert"]
[Result "1/2-1/2"]
[WhiteElo "2470"]
[BlackElo "2227"]
[PlyCount "108"]
[EventDate "2023.05.27"]
[EventType "swiss"]
[EventRounds "9"]
[EventCountry "UAE"]
[SourceTitle "CBM 214 Extra"]
[Source "ChessBase"]
[SourceDate "2023.07.31"]
[SourceVersion "1"]
[SourceVersionDate "2023.07.31"]
[SourceQuality "1"]

1. e4 e5 2. Nc3 Nf6 3. g3 Nc6 4. Bg2 Bc5 5. Nge2 a6 6. d3 d6 7. 0-0 Bg4 8. h3 Bd7 9. Be3 Bxe3 10. fxe3 0-0 11. Rf2 Ne8 12. Qd2 h5 13. Raf1 h4 14. Rf3 Ne7 15. Qe1 Ng6 16. g4 c6 17. Kh1 Nf6 18. Ng1 Nh7 19. R3f2 Ng5 20. Nf3 Nxf3 21. Bxf3 Qg5 22. Nb1 b5 23. Nd2 c5 24. Bd1 Bc6 25. c4 Qe7 26. Bb3 b4 27. Bd1 Bd7 28. Rg1 Kh7 29. Rf5 Rh8 30. Rh5+ Kg8 31. Nf3 Rh7 32. Be2 Qf6 33. Kh2 Qe7 34. Qf2 Qf6 35. Rf1 Rf8 36. Rg1 Re8 37. Bf1 Qe7 38. Ng5 Rh6 39. Be2 Rf8 40. Nf3 Rh7 41. Bf1 Re8 42. Rxh7 Kxh7 43. g5 Rh8 44. Nxh4 Nxh4 45. Qxh4+ Kg8 46. Qg3 f6 47. gxf6 Qxf6 48. Bg2 Qh4 49. Rf1 Qxg3+ 50. Kxg3 Rh6 51. b3 Rg6+ 52. Kh2 Rf6 53. Kg3 Rxf1 54. Bxf1 a5 1/2-1/2

[Event "Asian Continental Blitz op 19th"]
[Site "Delhi"]
[Date "2022.11.03"]
[Round "6"]
[White "Suleymenov, Alisher"]
[Black "Winkelman, Albert"]
[Result "1-0"]
[WhiteElo "2491"]
[BlackElo "2241"]
[PlyCount "49"]
[EventDate "2022.11.03"]
[EventType "swiss (blitz)"]
[EventRounds "9"]
[EventCountry "IND"]
[SourceTitle "EXT 2024"]
[Source "ChessBase"]
[SourceDate "2023.10.10"]
[SourceVersion "1"]
[SourceVersionDate "2023.10.10"]
[SourceQuality "1"]

1. d4 Nc6 2. d5 Nb8 3. c4 g6 4. Nc3 Bg7 5. e4 d6 6. Nf3 Nf6 7. h3 Nfd7 8. Bd3 a5 9. 0-0 Na6 10. Bg5 Ndc5 11. Bb1 h6 12. Be3 Bd7 13. Re1 a4 14. Bd4 0-0 15. Bxg7 Kxg7 16. Qd4+ Kg8 17. e5 dxe5 18. Nxe5 Be8 19. Ng4 h5 20. Nh6+ Kh7 21. Nf5 gxf5 22. Bxf5+ Kg8 23. Re3 f6 24. Rg3+ Kh8 25. Qf4 1-0

[Event "Asian Continental op 19th"]
[Site "Delhi"]
[Date "2022.10.30"]
[Round "5"]
[White "Winkelman, Albert"]
[Black "Srihari, LR."]
[Result "1-0"]
[WhiteElo "2229"]
[BlackElo "2436"]
[PlyCount "131"]
[EventDate "2022.10.26"]
[EventType "swiss"]
[EventRounds "9"]
[EventCountry "IND"]
[SourceTitle "EXT 2024"]
[Source "ChessBase"]
[SourceDate "2023.10.10"]
[SourceVersion "1"]
[SourceVersionDate "2023.10.10"]
[SourceQuality "1"]

1. e4 c5 2. Nf3 e6 3. d4 cxd4 4. Nxd4 a6 5. c4 Nf6 6. Nc3 Qc7 7. Be3 Be7 8. Be2 d6 9. 0-0 b6 10. Qd2 Bb7 11. f3 Nbd7 12. Rfd1 Rc8 13. Rac1 0-0 14. b3 Rfe8 15. Nc2 b5 16. Nd4 bxc4 17. Bxc4 Qb8 18. Bf1 Bd8 19. b4 Nb6 20. b5 axb5 21. Ndxb5 d5 22. e5 Qxe5 23. Bf4 Qh5 24. Nd6 Ba8 25. Nxc8 Nxc8 26. Na4 Nb6 27. Bb5 Nbd7 28. g4 Qh3 29. Bg3 d4 30. Bf1 Ne5 31. Bxh3 Nxf3+ 32. Kf1 Nxd2+ 33. Rxd2 e5 34. Rc8 Bb7 35. Rb8 Ba6+ 36. Kg1 Nd7 37. Ra8 Bb7 38. Ra7 Bc6 39. Bg2 e4 40. Rxd4 Bxa4 41. Rdxa4 Bb6+ 42. Kf1 Bxa7 43. Rxa7 Nb6 44. a4 h5 45. gxh5 f5 46. a5 Nd5 47. Rd7 Ne3+ 48. Kf2 Ng4+ 49. Ke2 Nf6 50. Rb7 Kh7 51. a6 Re6 52. a7 Ra6 53. Bh3 Ra2+ 54. Ke1 Ra1+ 55. Kd2 Ra2+ 56. Kc1 Kh6 57. Bxf5 Kxh5 58. Bf4 Nd5 59. Rb8 Nxf4 60. a8Q Ne2+ 61. Kd1 Nc3+ 62. Ke1 Rxa8 63. Rxa8 Kg5 64. Rc8 Nb5 65. Bxe4 Nd6 66. Rc5+ 1-0

[Event "Wch U20 59th"]
[Site "Cala Gonone"]
[Date "2022.10.16"]
[Round "6"]
[White "Winkelman, Albert"]
[Black "Harshavardhan, GB."]
[Result "0-1"]
[WhiteElo "2229"]
[BlackElo "2433"]
[PlyCount "70"]
[EventDate "2022.10.12"]
[EventType "swiss"]
[EventRounds "11"]
[EventCountry "ITA"]
[SourceTitle "CBM 210 Extra"]
[Source "ChessBase"]
[SourceDate "2022.11.30"]
[SourceVersion "1"]
[SourceVersionDate "2022.11.30"]
[SourceQuality "1"]

1. e4 c5 2. Nf3 d6 3. d4 cxd4 4. Nxd4 Nf6 5. Nc3 a6 6. h3 e5 7. Nde2 h5 8. g3 Be7 9. Bg2 b5 10. a4 b4 11. Nd5 Nxd5 12. Qxd5 Ra7 13. Be3 Rb7 14. 0-0 Nd7 15. Rfb1 Qc7 16. c3 Nc5 17. Qd1 b3 18. Nc1 Be6 19. Nd3 Nxd3 20. Qxd3 Bc4 21. Qd1 h4 22. g4 Qc6 23. Qd2 Rd7 24. Rd1 a5 25. f4 f6 26. fxe5 fxe5 27. Bg5 0-0 28. Bxe7 Qc5+ 29. Kh1 Rxe7 30. Qg5 Ref7 31. Qxh4 Qf2 32. Qh5 Qg3 33. Rg1 Rf2 34. Rad1 Be2 35. Rd2 Rxg2 0-1

[Event "Wch U20 59th"]
[Site "Cala Gonone"]
[Date "2022.10.12"]
[Round "1"]
[White "Samunenkov, Igor"]
[Black "Winkelman, Albert"]
[Result "1-0"]
[WhiteElo "2473"]
[BlackElo "2229"]
[PlyCount "81"]
[EventDate "2022.10.12"]
[EventType "swiss"]
[EventRounds "11"]
[EventCountry "ITA"]
[SourceTitle "CBM 210 Extra"]
[Source "ChessBase"]
[SourceDate "2022.11.30"]
[SourceVersion "1"]
[SourceVersionDate "2022.11.30"]
[SourceQuality "1"]

1. e4 e5 2. Nf3 Nc6 3. Bb5 a6 4. Ba4 Nf6 5. Nc3 b5 6. Bb3 Bc5 7. 0-0 d6 8. Nd5 h6 9. c3 0-0 10. d4 Ba7 11. a4 Nxe4 12. axb5 axb5 13. Qe2 Nf6 14. Nxf6+ Qxf6 15. Bd5 Bd7 16. Qxb5 e4 17. Bxe4 Nxd4 18. Qxd7 Nxf3+ 19. Bxf3 Bxf2+ 20. Kxf2 Rxa1 21. Qxc7 Qg6 22. Be3 Rxf1+ 23. Kxf1 Qb1+ 24. Kf2 Qxb2+ 25. Kg3 Qc2 26. h3 Qg6+ 27. Kh2 Qe6 28. Bd4 Rc8 29. Qa5 Qe7 30. Qf5 Qe6 31. Qh5 Rc7 32. Bd5 Qc8 33. Qg6 Qf8 34. Qf5 Qe7 35. Qg6 Qf8 36. Qg4 Kh7 37. Qf5+ g6 38. Qf6 h5 39. h4 Rd7 40. g4 Re7 41. gxh5 1-0

[Event "Olomouc GM 23rd"]
[Site "Olomouc"]
[Date "2022.08.17"]
[Round "6"]
[White "Frank, Adam"]
[Black "Winkelman, Albert"]
[Result "1/2-1/2"]
[WhiteElo "2307"]
[BlackElo "2278"]
[PlyCount "178"]
[EventDate "2022.08.13"]
[EventType "tourn"]
[EventRounds "9"]
[EventCountry "CZE"]
[EventCategory "6"]
[SourceTitle "CBM 209 Extra"]
[Source "ChessBase"]
[SourceDate "2022.09.30"]
[SourceVersion "1"]
[SourceVersionDate "2022.09.30"]
[SourceQuality "1"]

1. e4 e5 2. Nf3 Nc6 3. Bb5 a6 4. Ba4 Nf6 5. 0-0 Be7 6. Re1 b5 7. Bb3 0-0 8. h3 d6 9. c3 Nb8 10. d4 Nbd7 11. Nbd2 Bb7 12. Bc2 c5 13. d5 c4 14. Nf1 Qc7 15. Ng3 Rfb8 16. a4 Bc8 17. Be3 Nc5 18. Qe2 Bd7 19. Nd2 Bd8 20. f4 Nxa4 21. Bxa4 bxa4 22. fxe5 dxe5 23. Qxc4 Rxb2 24. Qxc7 Bxc7 25. Rec1 Rc8 26. c4 Ba5 27. Ngf1 Bb4 28. c5 Bb5 29. Nc4 Rb3 30. Nd6 Rc7 31. Nf5 Nxe4 32. d6 Rxc5 33. Bxc5 Bxc5+ 34. Kh2 g6 35. Nd2 Nxd2 36. Ne7+ Kg7 37. Rxc5 Rd3 38. Rxe5 Rxd6 39. Rd5 Nf1+ 40. Kg1 Re6 41. Nc8 Ne3 42. Rd6 Re8 43. Nb6 Nc2 44. Ra2 Re1+ 45. Kh2 Ne3 46. Nxa4 Bxa4 47. Rxa4 Re2 48. Raxa6 Rxg2+ 49. Kh1 Rf2 50. Ra7 h6 51. Rd3 Nf5 52. Kg1 Rf4 53. Rdd7 Nh4 54. Ra6 Rf3 55. Kh2 g5 56. Rda7 h5 57. Ra3 Rf2+ 58. Kg1 Rb2 59. Ra2 Rb1+ 60. Kh2 Kg6 61. Rf2 f6 62. Ra6 Nf5 63. Ra5 Nd6 64. Kg2 Rb3 65. Re2 Nf5 66. Rf2 Nh4+ 67. Kh2 Nf3+ 68. Kg2 g4 69. hxg4 hxg4 70. Kg3 Ne5+ 71. Kg2 Kg5 72. Re2 Kf4 73. Ra4+ Kf5 74. Ra5 Rh3 75. Rf2+ Kg5 76. Re2 Kf4 77. Ra4+ Kf5 78. Ra5 Rc3 79. Rf2+ Kg5 80. Re2 Kf4 81. Ra4+ Nc4 82. Re6 Rc2+ 83. Kg1 Rc1+ 84. Kf2 g3+ 85. Kg2 Rc2+ 86. Kg1 Rc1+ 87. Kg2 Rc2+ 88. Kg1 Kg5 89. Re8 Rc3 1/2-1/2